Poudre aux yeux (notice n° 1625694)

détails MARC
000 -LEADER
fixed length control field 00780cam a2200169 4500500
005 - DATE AND TIME OF LATEST TRANSACTION
control field 20260111093211.0
041 ## - LANGUAGE CODE
Language code of text/sound track or separate title fre
042 ## - AUTHENTICATION CODE
Authentication code dc
100 10 - MAIN ENTRY--PERSONAL NAME
Personal name Benhessa, Ghislain
Relator term author
245 00 - TITLE STATEMENT
Title Poudre aux yeux
260 ## - PUBLICATION, DISTRIBUTION, ETC.
Date of publication, distribution, etc. 2017.<br/>
500 ## - GENERAL NOTE
General note 93
520 ## - SUMMARY, ETC.
Summary, etc. La tâche du poète consiste à retrouver la présence du monde à travers l’énigme du langage, accompagnée de réflexion et en dialogue avec les arts. L’Écharpe rouge, roman familial et récit d’enfance, rappelle que la poésie est indispensable à une société malade de son langage.
700 10 - ADDED ENTRY--PERSONAL NAME
Personal name Bittinger, Nathalie
Relator term author
786 0# - DATA SOURCE ENTRY
Note Esprit | Février | 2 | 2017-01-27 | p. 100-106 | 0014-0759
856 41 - ELECTRONIC LOCATION AND ACCESS
Uniform Resource Identifier <a href="https://shs.cairn.info/revue-esprit-2017-2-page-100?lang=fr&redirect-ssocas=7080">https://shs.cairn.info/revue-esprit-2017-2-page-100?lang=fr&redirect-ssocas=7080</a>

Pas d'exemplaire disponible.

PLUDOC

PLUDOC est la plateforme unique et centralisée de gestion des bibliothèques physiques et numériques de Guinée administré par le CEDUST. Elle est la plus grande base de données de ressources documentaires pour les Étudiants, Enseignants chercheurs et Chercheurs de Guinée.

Adresse

627 919 101/664 919 101

25 boulevard du commerce
Kaloum, Conakry, Guinée

Réseaux sociaux

Powered by Netsen Group @ 2025